000 00601nam a2200205 i 4500
001 bg
100 1 _aSITEK, Eugeniusz
245 1 0 _aInwestycje bezpośrednie przedsiębiorstwa na rynku zagranicznym /
_cEugeniusz Sitek.
260 _aCzęstochowa :
_bWydaw. Wydziału Zarządzania Politechniki Częstochowskiej,
_c2000.
300 _a127 s. :
_bil. ;
_c24 cm.
504 _aBibliogr.
650 9 _aInwestycje zagraniczne
020 _a8388469150
040 _cBPK
041 0 _apl
080 _a339.727
920 _a83-88469-15-0
942 _cKS
008 s pl f |000 0 pol
999 _c39591
_d39591
856 _uhttp://koha.tu.koszalin.pl/cgi-bin/koha/opac-detail.pl?biblionumber=39591
_yKatalog online BPK